000 00774nam a2200229 i 4500
001 75981
003 ES-MaACL
005 20251015145506.0
007 t|
008 040928s1958 sp ||||1| spa d
100 1 _aGrob, Max.
_960097
245 1 0 _aPatología quirúrgica infantil /
_cMax Grob ; con la colaboración de M. Stockmann, M. Bettex ; prólogo de Manuel Suárez ; traducción de A. A. Velasco.
250 _a1ª ed.
260 _aMadrid :
_bJavier Morata,
_c1958 (
_fMontaña)
300 _a765 p., 15 lám. :
_bil. ;
_c27 cm.
700 1 _aStockmann, M.
_9108254
700 1 _aBettex, M.
_928684
700 1 _aSuárez, Manuel,
_d1907-1981
_9108572
700 1 _aVelasco, A. A.
_9113709
852 _aES-MaACL
_jC-14128
_bR.42027
999 _c75981
_d75981